Quizzes
Events
Quiz Creation
Community
Videos
Private Events
Remove Ads
Sign In
Join for FREE
Feedback
Dark Mode
Quiz Categories
Sports
Geography
Music
Movies
Television
Just For Fun
Miscellaneous
History
Literature
Language
Science
Gaming
Entertainment
Religion
Holiday
For Kids
Quiz Lab
Recent
Popular Today
Quiz Kudos Today
Editor Picks
Curator Picks
Quizzes by...
Day
Popularity
Type
Ratings
Length
Year
Community
Subscriptions
Recent Discussions
Orange Saloon
Badges
Playlists
Quests
Create
Leaderboards
Showdown
Live 5
Trivia Bingo
Activity
Puzzle Library
Sporcle Events
Private Events
Virtual Trivia
Globe League
Become a Host
Pub Owners
SporcleCon
Opinionation
Our Games
Videos
Blog
Mobile Apps
Partnerships
Remove Ads and Go Orange
Feedback
Sports
Athletes
MLB
NBA
NHL
NFL
Soccer
Sports Teams
WWE
NCAA
Football
Premier League
Basketball
Baseball
Hockey
Golf
Tennis
Cricket
Rugby
Auto Racing
Olympics
World Cup
Sports
Athletes
MLB
NBA
NHL
NFL
Soccer
Sports Teams
WWE
NCAA
Football
Premier League
Basketball
Baseball
Hockey
Golf
Tennis
Cricket
Rugby
Auto Racing
Olympics
World Cup
Random Quiz
Search Sporcle
×
Quiz Lab
Quiz Lab
Sports
MLB
Type in answers that appear in a list
Type in answers that appear in a list
Classic
Best Score? Go Orange.
MLB HR Leaders On Movie Release Dates Stats
Can you name the Seasonal leaders in home runs when a given movie was released?
By
GeorgiaPeach
8m
32 Questions
409 Plays
409 Plays
409 Plays
Comments
Comments
Give Quiz Kudos
Give Quiz Kudos
-
- Ratings
hide this ad
More Info
Replay
Link that replays current quiz
Next Quiz
Link to next quiz in quiz playlist
You Got
0%
They Got
Avg Score
63%
Avg Friend Score
Upgrade to see
Score Distribution
Jump to the score distribution portion of the page
Score
0/32
Timer
08:00
0
Plays Today
Movie
Player
% Correct
Saving Private Ryan (7-
24-
1998)
Sammy Sosa
97.5%
Saving Private Ryan (7-
24-
1998)
Mark McGwire
97.1%
Saving Private Ryan (7-
24-
1998)
Ken Griffey
97.1%
Shrek Forever After (5-
21-
2010)
Jose Bautista
94.9%
Cleopatra (6-
12-
1963)
Hank Aaron
93.9%
Shrek Forever After (5-
21-
2010)
Paul Konerko
93.6%
Shrek Forever After (5-
21-
2010)
Joey Votto
89%
Back to the Future (7-
3-
1985)
Dale Murphy
82.1%
From Here to Eternity (8-
5-
1953)
Eddie Mathews
81.9%
Cleopatra (6-
12-
1963)
Willie McCovey
78.7%
Wizard of Oz (8-
25-
1939)
Jimmie Foxx
78.4%
Wizard of Oz (8-
25-
1939)
Mel Ott
77%
Saving Private Ryan (7-
24-
1998)
Rafael Palmeiro
72.5%
Cleopatra (6-
12-
1963)
Al Kaline
71.6%
Saving Private Ryan (7-
24-
1998)
Greg Vaughn
70.8%
Shrek Forever After (5-
21-
2010)
Mark Reynolds
66.4%
Movie
Player
% Correct
Wizard of Oz (8-
25-
1939)
Hank Greenberg
66.2%
Saving Private Ryan (7-
24-
1998)
Albert Belle
65%
Shrek Forever After (5-
21-
2010)
Dan Uggla
64.5%
From Here to Eternity (8-
5-
1953)
Roy Campanella
57.6%
From Here to Eternity (8-
5-
1953)
Ted Kluszewski
55.6%
From Here to Eternity (8-
5-
1953)
Ralph Kiner
54.2%
Back to the Future (7-
3-
1985)
Carlton Fisk
43.9%
Wizard of Oz (8-
25-
1939)
Johnny Mize
43.1%
Back to the Future (7-
3-
1985)
Pedro Guerrero
41.2%
Back to the Future (7-
3-
1985)
Darrell Evans
40.7%
From Here to Eternity (8-
5-
1953)
Al Rosen
35%
Back to the Future (7-
3-
1985)
Dave Parker
31.1%
Cleopatra (6-
12-
1963)
Bob Allison
24.8%
Wizard of Oz (8-
25-
1939)
Joe Gordon
20.3%
Cleopatra (6-
12-
1963)
Leon Wagner
19.1%
From Here to Eternity (8-
5-
1953)
Gus Zernial
13.2%
Quiz Playlist
Details
Report
Send in Message
Add To Playlist
More Info:
Name the players leading the MLB in homers up to and including the U.S. release date of a given film
Classic:
Type in answers that appear in a list
Last Updated: Feb 16, 2017
Quiz Scoreboard
CHALLENGE
Sign Up to Join the Scoreboard
Show All
Scores
Hide
Comments
May contain spoilers
Recently Published
Billboard Blitz: Fleetwood Mac
by CooCooCachoo
Music
15s
Presidents Visiting Landmarks
by Hejman
History
7m
An Introduction to Baseball
by treessimontrees
Sports
5m
More to Explore
Quiz From the Vault
Featured Blog Post
Where Did the Easter Bunny Come From?
hide this ad
You Might Also Like...
Tags
Baseball Quiz
MLB Quiz
Home Runs
Today's Top Quizzes in Sports
Browse Sports
hide this ad
Today's Top Quizzes in MLB
Browse MLB
Top Contributed Quizzes in Sports
1
Les meilleurs buteurs des matchs entre le PSG et l’OM
2
2022 World Cup Stars
3
FIFA Club World Cup Champions
4
Les entraîneurs de l'OM et du PSG au 21e siècle
5
Criteria MLB: Left Handed Sluggers
6
Name the Premier League winners with different clubs
7
5-to-1: UK Sports Teams
8
AFC Teams Reveal (Wrong Answers Minefield)
9
Players with Multiple 50 Home Run Seasons
10
5-to-1: FBS Animal Nicknames
Explore More
Trending Topics
Disney
Harry Potter
NBA
Crossword
Anime
Kpop
Marvel
Pokémon
Puzzle
The Office
Soccer
NFL
Country
WWE
Song
hide this ad
More By:
GeorgiaPeach
Quiz
Plays
Rating
Category
Featured
Created
Profile: George Costanza
134,536
4.49
Television
Jan 12, 2010
MLB HR Leaders by Decade
113,182
4.58
Sports
Jul 5, 2010
Most Hits With One MLB Team
69,090
4.53
Sports
Oct 5, 2009
American History: 1950s
55,672
4.31
History
Jul 11, 2011
Highest Oscar Win Percentage
49,788
4.25
Movies
Oct 3, 2009
Go to Creator's Profile
Score Distribution
Quiz Creator Spotlight
GeorgiaPeach
Follow
Send a Message
Quizzes Created
-
Created Quiz Play Count
-
More By This Creator
Popular Quizzes Today
1
Find the US States - No Outlines Minefield
2
Find the Countries of Europe - No Outlines Minefield
3
The Countries of the World
4
Find the US States
5
US States
6
Risky Map Clicking: Biggest States A-Z
7
Popular People in 1961
8
Movies - When Are They Set?
More Sports Quizzes
The AFC Ajax Quiz
Quiz Lab
Trending Quizzes
Risky Map Clicking: Least Populous States A-Z
1-10 Letter G Words
1-10 Letter F Words
Risky Map Clicking: Next State Alphabetically
Risky Map Clicking: Biggest States A-Z
Recently Updated
Leaping Animals
pecheneg
Reality TV Shows (A-Z)
bhenderson79
Rickey Henderson's Hall of Fame Teammates
pecheneg
Champions League XIs: Arsenal
pecheneg
Quick Pick: Celebrities in WWE's Hall of Fame
aduchscher
A-Z Keypad Blitz II
pecheneg
Multiple Oscar Actors
pecheneg
Mystery Phrase Blitz: Oscar 'Best Actors'
pecheneg
F. Scott Fitzgerald Novels
LTH
Pick 3 Villains
ddd62291
Trending Topics
Harry Potter
Disney
Kpop
Marvel
Crossword
NBA
Anime
Country
Song
WWE
NFL
The Office
Puzzle
Soccer
Pokémon
Your Account Isn't Verified!
In order to create a playlist on Sporcle, you need to verify the email address you used during registration. Go to your
Sporcle Settings
to finish the process.
Report this User
Report this user for behavior that violates our
Community Guidelines
.
Details:
Send Report
Go to the Sporcle.com Mobile Site →
Comments